Music Trivia: Power Pop Edition - Statistics

General Stats
  • This quiz has been taken 81 times
  • The average score is 7 of 15
Answer Stats
Power Pop Songs Artist, group or band most closely associated with the song % Correct
My Sharona, Good Girls Don't The Knack
77%
Beverly Hills, Buddy Holly Weezer
77%
Hanging On the Telephone, One Way or Another Blondie
76%
Don't Talk to Strangers, Jessie's Girl Rick Springfield
73%
If You Want My Love, I Want You to Want Me Cheap Trick
66%
Shake It Up, You Might Think The Cars
64%
Stacy's Mom, Radiation Vibe Fountains of Wayne
63%
What I Like About You, Talking in Your Sleep The Romantics
50%
Come and Get It, Baby Blue, Day After Day Badfinger
34%
The Ballad of El Goodo, Thirteen Big Star
29%
Bohemian Like You, Get Off The Dandy Warhols
29%
Overnight Sensation (Hit Record), Go All the Way The Raspberries
29%
Girlfriend, Sick of Myself, The Ugly Truth Matthew Sweet
23%
Whenever You're On My Mind, Someday Someway Marshall Crenshaw
19%
A Girl Like You, Blues Before and After The Smithereens
19%
No matching quizzes found
Score Distribution
Percent of People with Each Score
Percentile by Number Answered
Your Score History
You have not taken this quiz